| 000 | 00664nam a2200265Ia 4500 | ||
|---|---|---|---|
| 001 | AUWbook000045 | ||
| 003 | BDCtgAUW | ||
| 005 | 20260406154802.0 | ||
| 008 | 220908s9999 xx 000 0 eng d | ||
| 020 | _a0140125280 | ||
| 040 |
_aBDCtgAUW _cBDCtgAUW |
||
| 050 | _aQH311.G68 | ||
| 100 | 1 | _aGould, Stephen Jay. | |
| 245 | 0 |
_aAn urchin in the storm : _bessays about books and ideas / |
|
| 250 | _aFirst edition. | ||
| 260 |
_aLondon : _bPenguin Books, _c1990. |
||
| 650 | 0 | _aBiology. | |
| 650 | 0 | _aLife (Biology). | |
| 650 | 0 | _aLife sciences. | |
| 650 | 0 | _aNatural history. | |
| 887 |
_a BRAC _22982 |
||
| 888 | _22982 | ||
| 942 |
_cBK _00 |
||
| 945 | _cBK | ||
| 999 |
_c16379 _d16379 |
||